000 00298nam a22001337a 4500
008 170612b xxu||||| |||| 00| 0 eng d
020 _a405804858336
041 _aeng
080 _23 ED
_a94
100 _a19
101 _aSHH
245 _aWESTERN CIVILIZATION
_cKIRECHNER.W
942 _2udc
_cBK
999 _c17022
_d17022